Responses for Show #7447 - Tuesday, January 17, 2017

Contestants

[<< previous game]

Pete Tachibana, a bartender from North Highlands, California

Andrea Keppers, a history educator from Denver, Colorado

John Avila, an attorney from Arlington, Virginia (whose 1-day cash winnings total $14,001)

[next game >>]

Jeopardy! Round responses

SOMETHING TO READ
SCRAMBLED KEGS
(Alex: You're dealing with anagrammed beer brands.)
SHADES OF YELLOW
COLLEGE FOOTBALL HISTORY
THE CONSTITUTION
PRE-AMBLE
(Alex: Each correct response will be a word that comes before "amble" in the dictionary.)
    $200 12
War and Peace

John
    $200 2
Guinness

John
    $200 21
blonde

Andrea
    $200 1
the Rose Bowl

Pete
    $200 6
Congress

John
    $200 16
agenda

John
    $400 25
The Mountain

John
    $400 4
Pabst Blue Ribbon

Triple Stumper
    $400 22
a canary

Pete
    $400 3
Alabama

Pete
    $400 10
Eighty seven

Pete
    $400 17
ad lib

John
    $600 26
(Thomas) Malory

John
    $600 5
Newcastle

Triple Stumper
    $600 24
mustard

John
    $600 7
the Naval Academy

John
    $600 11
Test

Andrea
    $600 18
Afterschool Specials

John
    $800 29
"A Tyger"

John
    $800 15
Lowenbrau

Triple Stumper
    $800 27
goldenrod

Andrea
    $800 8
Knute Rockne

John
    $3,000 13
Electors

John
    $800 19
alleviate

John
    $1000 30
Boz

Pete
    $1000 23
Sierra Nevada

Andrea
    $1000 28
school bus yellow

Andrea
    $1000 9
(Pete: What is a scrum?)

the flying wedge

JohnPete
    $1000 14
Advice and Consent

John
    $1000 20
(Andrea: What is the best defense?)

abstinence

Andrea
Triple Stumper

Scores at the first commercial break (after clue 15):

John Andrea Pete
$7,000 $600 $0

Scores at the end of the Jeopardy! Round:

John Andrea Pete
$11,400 $2,600 $1,400

Double Jeopardy! Round responses

THE ANCIENT WORLD
LETTER PERFECT
A TRIPLE FEATURE
COMPOSERS
STATE PARKS
ODD COMBINED RESPONSES
    $400 1
satires

Pete
    $400 16
a T

John
    $400 19
Three Men and a Baby

John
    $400 5
(John) Williams

Andrea
    $400 10
California

John
    $400 22
sesame boulevard

John
    $1,800 2
agora

Pete
    $800 17
B-movies

John
    $800 20
The Three Amigos

Andrea
    $800 6
Sibelius

Andrea
    $800 11
New York

John
    $800 23
(John: What is captain kangaroo?)

corporal kangaroo

JohnPete
    $1200 3
Zoroastrianism

John
    $1200 18
d

Triple Stumper
    $1200 21
The Taking of Pelham 123

John
    $1200 7
Toyland

Andrea
    $1200 12
(Pete: What is Tennessee?)

Kentucky

JohnPete
    $1200 24
Boston Yankees

Pete
    $1600 4
(Andrea: Who is Lao Tzu?)

Sun Tzu

JohnAndrea
    $1600 27
W

Triple Stumper
    $1600 28
Three Kings

Andrea
    $3,400 8
(George Frederick) Handel

Andrea
    $1600 13
Minnesota

John
    $1600 25
(Alex: Less than a minute now.)

human lefts

Triple Stumper
    $2000 15
Anubis

John
    $2000 30
(Alex: What glows in the dark? Phosphorous. And it's symbolized by [*].)

P

Triple Stumper
    $2000 29
(Pete: What is Sybil?)

The Three Faces of Eve

Pete
Triple Stumper
    $2000 9
Johann Sebastian Bach

Triple Stumper
    $2000 14
Maine

Andrea
    $2000 26
Noah's Battleship

John

Scores at the end of the Double Jeopardy! Round:

John Andrea Pete
$24,600 $11,200 $2,400
(lock game)

[wagering suggestions for these scores]

Final Jeopardy! Round responses

PLAYS
(Alex: [To Andrea] "A Moorish Captain".)
PeteWhat is ?
$2,400
AndreaWhat is Othello?
$0
JohnWhat is a Dead Captain??
$400
Othello

Final scores:

John Andrea Pete
$24,200 $11,200 $0
2-day champion: $38,201 2nd place: $2,000 3rd place: $1,000

Game dynamics:

Coryat scores:

John Andrea Pete
$22,400 $9,400 $1,400
29 R
(including 1 DD),
1 W
12 R
(including 1 DD),
2 W
9 R
(including 1 DD),
3 W

Combined Coryat: $33,200

[game clues] [game scores] [suggest correction]

Game tape date: 2016-09-27
The J! Archive is created by fans, for fans. Scraping, republication, monetization, and malicious use prohibited; this site may use cookies and collect identifying information. See terms. The Jeopardy! game show and all elements thereof, including but not limited to copyright and trademark thereto, are the property of Jeopardy Productions, Inc. and are protected under law. This website is not affiliated with, sponsored by, or operated by Jeopardy Productions, Inc. Join the discussion at JBoard.tv.